Karl Marx / (Record no. 32617)

MARC details
000 -LEADER
campo de control de longitud fija 00518nam a2200181 i 4500
001 - NÚMERO DE CONTROL
campo de control 32617
003 - IDENTIFICADOR DE NÚMERO DE CONTROL
campo de control ES-MaACL
005 - FECHA Y HORA DE LA ÚLTIMA TRANSACCIÓN
campo de control 20250730063054.0
007 - CAMPO FIJO DE DESCRIPCIÓN FÍSICA--INFORMACIÓN GENERAL
campo de control de longitud fija t|
008 - DATOS DE LONGITUD FIJA--INFORMACIÓN GENERAL
campo de control de longitud fija 030131s1973 sp ||||1| spa d
100 ## - ENTRADA PRINCIPAL--NOMBRE DE PERSONA
Nombre de persona Berlin, Isaiah,
Fechas asociadas al nombre 1909-1997
9 (RLIN) 239356
245 10 - MENCIÓN DEL TÍTULO
Título Karl Marx /
Mención de responsabilidad, etc. Isaiah Berlin ; [traductor: Roberto Bixio].
260 ## - PUBLICACIÓN, DISTRIBUCIÓN, ETC.
Lugar de publicación, distribución, etc. Madrid :
Nombre del editor, distribuidor, etc. Alianza,
Fecha de publicación, distribución, etc. [1973]
300 ## - DESCRIPCIÓN FÍSICA
Extensión 287 p. ;
Dimensiones 18 cm.
700 1# - ENTRADA AGREGADA--NOMBRE PERSONAL
Nombre de persona Bixio, Roberto.
9 (RLIN) 29038
852 ## - LOCALIZACIÓN
Ubicación ES-MaACL
Número de control de estantería C-52096
Sublocalización o colección R.85045
Holdings
Estatus retirado Estado de pérdida Estado de daño No para préstamo Biblioteca de origen Biblioteca actual Ubicación en estantería Fecha de adquisición Fuente de adquisición Total de préstamos Signatura topográfica completa Código de barras Visto por última vez Precio de reemplazo Tipo de ítem Koha
        Biblioteca del Ateneo de Madrid Biblioteca del Ateneo de Madrid Depósito 2 17/01/2008     C-52096 1033820 23/02/2023 23/02/2023 Libro impreso